Kancelárske aplikácie pri riadení podniku bakalárska práca

Saved in:
Bibliographic Details
Main Author: Zahradník, Peter, 1995-
Corporate Author: Fakulta podnikového manažmentu EU. Katedra informačného manažmentu
Other Authors: Korček, František
Format: Book
Language:Slovak
Published: Bratislava 2017
Tags: Add Tag
No Tags, Be the first to tag this record!

MARC

LEADER 00000nbm a2200000 4500
001 0232283
005 20171108113852.3
041 0 |a slo 
044 |a SK 
245 1 0 |a Kancelárske aplikácie pri riadení podniku  |b bakalárska práca  |c Peter Zahradník ; školiteľ: František Korček 
264 1 |a Bratislava  |c 2017 
300 |a 52 s. 
100 1 |a Zahradník, Peter, 1995- 
700 1 |a Korček, František 
710 2 |a Fakulta podnikového manažmentu EU. Katedra informačného manažmentu